| 000 | 00359 a2200121 4500 | ||
|---|---|---|---|
| 003 | Nust | ||
| 005 | 20170207161937.0 | ||
| 040 | _cNust | ||
| 082 | _a799 | ||
| 245 |
_aGroup Photo Comdt Office Photograph 2013 (Soft Copy) _cMCS |
||
| 260 |
_aRawalpindi _bMCS _c22-05-2013 |
||
| 650 |
_aPictures of Group Photo Comdt Office Photograph 2013 (CD-No-23,Vol-III) _cSweet Memories-MCS |
||
| 942 | _cBK | ||
| 999 |
_c204887 _d204887 |
||